| 000 | 00354nam a2200145Ia 4500 | ||
|---|---|---|---|
| 008 | 180730s9999||||xx |||||||||||||| ||und|| | ||
| 020 | _aB81582701380A | ||
| 082 |
_a340 _bBAR/N |
||
| 100 | _aBare Acts | ||
| 245 | 0 | _aNational Security Act, 1980 with Case Law | |
| 250 | _a18th | ||
| 260 |
_aLucknow _bEastern Book Co. _c2016 |
||
| 300 | _a15 | ||
| 942 | _cBK | ||
| 999 |
_c1776 _d1776 |
||